[Event "Challenge"]
[Site "http://www.queenalice.com/game.php?id=902250"]
[Date "2011.2.18"]
[Round "-"]
[White "enzoferrari"]
[Black "Benvenutti"]
[Result "1/2-1/2"]
[WhiteElo "2005"]
[BlackElo "1869"]

1. e4 e6 2. d4 d5 3. e5 c5 4. c3 Nc6 5. Bb5 Qb6 6. Bxc6+ bxc6 7. Nf3 Ba6 8. h3
cxd4 9. cxd4 c5 10. Nc3 cxd4 11. Nxd4 Bb4 12. Be3 Qa5 13. Bd2 Ne7 14. a3 Bxc3
15. Bxc3 Qb6 16. Qa4+ Kf8 17. O-O-O Rc8 18. g3 g6 19. f4 Kg7 20. h4 Rc7 21. Rh2
h5 22. Rc2 Rhc8 23. Qb4 Nc6 24. Qxb6 axb6 25. Nxc6 Rxc6 26. Rdd2 Bc4 27. Bd4 b5
28. Rc3 Kf8 29. Rdc2 b4 30. axb4 Bb5 31. Rxc6 Rxc6 32. Rc5 Rxc5+ 33. bxc5 Ke8
34. b3 Kd7 35. Kb2 Kc6 36. b4 Bc4 37. Ka3 Bb5 38. Kb2 Bc4 1/2-1/2

[Event "AUTO-INT-1853"]
[Site "http://www.queenalice.com/game.php?id=906654"]
[Date "2011.2.28"]
[Round "2"]
[White "Benvenutti"]
[Black "h2go"]
[Result "0-1"]
[WhiteElo "1846"]
[BlackElo "2123"]

1. d4 d5 2. c4 Nf6 3. Nf3 e6 4. Nc3 Bb4 5. cxd5 exd5 6. Qc2 O-O 7. e3 c6 8. Bd3
Bg4 9. Ne5 Be6 10. O-O Nbd7 11. f4 Nb6 12. Bd2 Bxc3 13. Bxc3 g6 14. f5 gxf5 15.
Bxf5 a5 16. Qf2 Bxf5 17. Qxf5 Ne4 18. Nxf7 Qd7 19. Qxd7 Nxd7 20. Nd6 Rxf1+ 21.
Rxf1 Nxd6 0-1

[Event "AUTO-INT-1853"]
[Site "http://www.queenalice.com/game.php?id=906655"]
[Date "2011.2.28"]
[Round "2"]
[White "h2go"]
[Black "Benvenutti"]
[Result "1/2-1/2"]
[WhiteElo "1967"]
[BlackElo "1878"]

1. e4 e6 2. d4 d5 3. exd5 exd5 4. Nf3 Bf5 5. Bd3 Bxd3 6. Qxd3 Nf6 7. O-O Be7 8.
Bf4 O-O 9. Nbd2 c6 10. Rae1 Nbd7 11. c4 Re8 12. Re2 dxc4 13. Nxc4 Nd5 14. Bg3
N7f6 15. Rfe1 h6 16. Qc2 Nh5 17. Bd6 Nhf4 18. Rxe7 Nxe7 19. Bxf4 Nd5 20. Bd2
Rxe1+ 21. Nxe1 Nb6 22. Nxb6 Qxb6 23. Bc3 Re8 1/2-1/2

[Event "PR x RS"]
[Site "http://www.queenalice.com/game.php?id=929028"]
[Date "2011.4.22"]
[Round "-"]
[White "Benvenutti"]
[Black "toniteacher"]
[Result "0-1"]
[WhiteElo "1830"]
[BlackElo "1721"]

1. d4 d5 2. c4 Nf6 3. Nc3 e6 4. Bg5 Be7 5. e3 O-O 6. Nf3 Nc6 7. Rc1 b6 8. cxd5
exd5 9. Bb5 Bb7 10. O-O Ne4 11. Bxe7 Qxe7 12. Nxd5 Qd6 13. Nxc7 Qxc7 14. d5 Rfd8
15. Bxc6 Bxc6 16. Rxc6 Qxc6 17. dxc6 Rxd1 18. Rxd1 Rc8 19. Nd4 Nc5 20. b4 Na6
21. a3 h6 0-1

[Event "Challenge"]
[Site "http://www.queenalice.com/game.php?id=929131"]
[Date "2011.4.22"]
[Round "-"]
[White "FranzMeM"]
[Black "Benvenutti"]
[Result "1-0"]
[WhiteElo "1527"]
[BlackElo "1882"]

1. e4 c5 2. Nf3 d6 3. h3 Nf6 4. Nc3 g6 5. Bb5+ Bd7 6. O-O Nc6 7. d3 Bg7 8. a3
O-O 9. b3 Nxe4 10. Nxe4 Bxa1 11. Bd2 Bg7 12. Bc3 Nd4 13. Nxd4 cxd4 14. Bxd4 Bxd4
15. Bxd7 Qxd7 16. c3 Bg7 17. a4 Rac8 18. d4 a6 19. c4 Rc7 20. f3 1-0